00430nam a22001337a 4500020001800000082001600018100004300034245010200077250002400179260002900203300001000232563000700242650004700249 a9781292402826 a658.11bBAR a Barringer, Bruce R. Ireland, R. Duane aEntrepreneurship : successfully launching new ventures/cBruce R Barringer and Ireland, R. Duane aUpdated 6th edition aHarlow:bPearson;c2022. a618p. aPB aNew business enterprisesaEntrepreneurship